Science F.A.-IX (Record no. 5507)

MARC details
000 -LEADER
fixed length control field 00203nam a22000857a 4500
008 - FIXED-LENGTH DATA ELEMENTS--GENERAL INFORMATION
fixed length control field 170117b xxu||||| |||| 00| 0 eng d
100 ## - MAIN ENTRY--PERSONAL NAME
9 (RLIN) 2450
Personal name CBSE
245 ## - TITLE STATEMENT
Title Science F.A.-IX
260 ## - PUBLICATION, DISTRIBUTION, ETC. (IMPRINT)
Place of publication, distribution, etc. New Delhi
Name of publisher, distributor, etc. CBSE
Date of publication, distribution, etc. 2010
Holdings
Withdrawn status Lost status Source of classification or shelving scheme Damaged status Koha normalized classification for sorting Not for loan Home library Current library Shelving location Date acquired Total Checkouts Full call number Barcode Date last seen Price effective from Koha item type Total Renewals Date last checked out
    Dewey Decimal Classification   500_000000000000000   Good Samaritan School Library Good Samaritan School Library Science 01/17/2017   500 CBS8851 01/17/2017 01/17/2017 BOOK    
    Dewey Decimal Classification   500_000000000000000   Good Samaritan School Library Good Samaritan School Library Science 01/17/2017   500 CBS8852 01/17/2017 01/17/2017 BOOK    
    Dewey Decimal Classification   500_000000000000000   Good Samaritan School Library Good Samaritan School Library Science 01/17/2017   500 CBS8853 01/17/2017 01/17/2017 BOOK    
    Dewey Decimal Classification   500_000000000000000   Good Samaritan School Library Good Samaritan School Library Science 01/17/2017 1 500 CBS8854 03/05/2020 01/17/2017 BOOK 1 02/22/2020
    Dewey Decimal Classification   500_000000000000000   Good Samaritan School Library Good Samaritan School Library Science 01/17/2017   500 CBS8855 01/17/2017 01/17/2017 BOOK    
    Dewey Decimal Classification   500_000000000000000   Good Samaritan School Library Good Samaritan School Library Science 01/17/2017   500 CBS8856 01/17/2017 01/17/2017 BOOK    
    Dewey Decimal Classification   500_000000000000000   Good Samaritan School Library Good Samaritan School Library Science 01/17/2017   500 CBS8857 01/17/2017 01/17/2017 BOOK    
    Dewey Decimal Classification   500_000000000000000   Good Samaritan School Library Good Samaritan School Library Science 01/17/2017   500 CBS8858 01/17/2017 01/17/2017 BOOK    

Powered by Koha